[Event "Tata Steel-A 82nd"]
[Site "Wijk aan Zee"]
[Date "2020.01.24"]
[Round "11"]
[White "Firouzja, Alireza"]
[Black "Anand, Viswanathan"]
[Result "0-1"]
[WhiteElo "2723"]
[BlackElo "2758"]
[PlyCount "94"]
[EventDate "2020.01.11"]
[EventType "tourn"]
[EventRounds "13"]
[EventCountry "NED"]
[EventCategory "20"]
[SourceTitle "CBM 194"]
[Source "ChessBase"]
[SourceDate "2020.01.27"]
[SourceVersion "1"]
[SourceVersionDate "2020.01.27"]
[SourceQuality "1"]

1. d4 Nf6 2. c4 e6 3. Nc3 Bb4 4. f3 d5 5. a3 Be7 6. e4 dxe4 7. fxe4 c5 8. e5 Nfd7 9. dxc5 Nxe5 10. Qxd8+ Bxd8 11. Be2 ({RR} 11. Bf4 Nbd7 12. Ne4 f5 13. Nd6+ Ke7 14. O-O-O Nf7 15. b4 a5 16. Nf3 axb4 17. axb4 Bc7 18. Nxf5+ exf5 19. Bxc7 Ra1+ 20. Kc2 Rxd1 21. Kxd1 Nf6 22. Bd3 Be6 23. Re1 Ne4 24. Nd4 Kd7 25. Nxe6 Kxe6 {Paravyan,D (2596)-Harshavardhan,G (2441) chess.com INT 2025 1-0 (65)}) 11... Bd7 $146 ({RR} 11... Nbd7 12. Be3 Bh4+ 13. Kd2 Be7 14. Ne4 Nf6 15. Nxf6+ Bxf6 16. Nf3 Bd7 17. Kc2 Ng4 18. Bd4 e5 19. h3 exd4 20. hxg4 Bxg4 21. Nxd4 Bxe2 22. Nxe2 O-O-O 23. Rae1 h5 24. Ng3 Rd4 25. Nxh5 Rxc4+ 26. Kb3 {Najer,E (2635)-Leko,P (2670) Douglas 2019 ½-½ (80)}) 12. Nf3 Nxf3+ 13. Bxf3 Bc6 14. Ne4 Bc7 15. b4 Nd7 16. Bb2 Ne5 17. O-O-O Nxf3 18. gxf3 Bf4+ 19. Kb1 f6 20. Rhg1 Kf7 21. Nd6+ Bxd6 22. Rxd6 g5 23. Rf1 a6 24. Kc2 Rhd8 25. Kd2 e5 26. Ke3 Rxd6 27. cxd6 Ke6 28. c5 b6 29. h4 h6 30. hxg5 hxg5 31. cxb6 Rb8 32. Rd1 Rxb6 33. Kf2 Ba4 34. Rd2 Rb8 35. Kg3 Rc8 36. Kf2 Rc4 37. Kg3 Rc8 38. Kf2 Rh8 39. Kg3 Rh1 40. Kg2 Rb1 41. Kg3 Bc6 42. Kf2 Kd7 43. Kg3 Rf1 44. Rd3 Ke6 45. Kg4 Rb1 46. Rd2 Rg1+ 47. Kh3 Rf1 0-1

[Event "Titled Tue 4th Apr Early"]
[Site "chess.com INT"]
[Date "2023.04.04"]
[Round "9"]
[White "Firouzja, Alireza"]
[Black "Andreikin, D.."]
[Result "0-1"]
[WhiteElo "2785"]
[BlackElo "2729"]
[PlyCount "64"]
[EventDate "2023.04.04"]

1. d4 Nf6 2. c4 e6 3. g3 Bb4+ 4. Nc3 d5 5. Bg2 O-O 6. Nf3 dxc4 7. O-O Nc6 8. e3 Nd5 9. Qc2 Be7 10. Rd1 a6 11. e4 Ndb4 12. Qe2 Nd3 13. Be3 b5 $146 ({RR} 13... f5 14. exf5 exf5 15. d5 Ncb4 16. a3 f4 17. gxf4 Nxd5 18. Nxd5 Qxd5 19. b3 Qe4 20. Qc2 Nc5 21. Qc3 Qf5 22. b4 Nb3 23. Qxc4+ Be6 24. Qxc7 Nxa1 25. Qxe7 Nc2 26. Ng5 Rae8 27. Qxb7 Rd8 28. Rc1 {Harutyunian,T (2504)-Babujian,L (2459) Yerevan 2018 1-0 (49)}) 14. b3 e5 15. bxc4 bxc4 16. Nxe5 Nxd4 17. Qh5 Be6 18. Nxd3 cxd3 19. Nd5 Nc2 20. Nxe7+ Qxe7 21. Bc5 Qd7 22. Bxf8 Rxf8 23. Rac1 Bg4 24. Qc5 Bxd1 25. Rxd1 Nd4 26. Bf1 Ne2+ 27. Kg2 Qa4 28. Rd2 Qxe4+ 29. f3 Qg6 30. Qxc7 h5 31. Qc4 Re8 32. Qxd3 Nf4+ 0-1

[Event "Titled Tue 18th Jul Late"]
[Site "chess.com INT"]
[Date "2023.07.18"]
[Round "7"]
[White "Firouzja, Alireza"]
[Black "Antipov, M2."]
[Result "0-1"]
[WhiteElo "2777"]
[BlackElo "2606"]
[PlyCount "136"]
[EventDate "2023.07.18"]

1. d4 Nf6 2. c4 e6 3. Nc3 Bb4 4. a3 Bxc3+ 5. bxc3 O-O 6. e3 d6 7. Bd3 c5 8. Ne2 Nc6 9. e4 e5 10. O-O b6 11. Bg5 h6 12. Bh4 g5 13. Bg3 Re8 $146 ({RR} 13... Qe7 14. f4 exf4 15. Nxf4 gxf4 16. Bh4 Bg4 17. Qc1 cxd4 18. Qxf4 Qe5 19. Bxf6 Qxf4 20. Rxf4 {1-0 (20) Avalyan,A (2342)-Gulkov,I (2358) Chess.com INT 2020}) 14. f3 Nh5 15. Bf2 Qf6 16. Kh1 Bd7 17. Bc2 Rad8 18. Ba4 Rf8 19. Ra2 Qe7 20. Rd2 Na5 21. Bxd7 Qxd7 22. dxe5 Nxc4 23. Rd5 Nxe5 24. Ng3 Nf4 25. Rd2 d5 26. Be3 Nc4 27. Bxf4 Nxd2 28. Qxd2 dxe4 29. Qc1 gxf4 30. Qxf4 Qd6 31. Qxe4 Rfe8 32. Qh4 Qg6 33. f4 Rd2 34. h3 Re3 35. Kh2 Rxc3 36. f5 Qd6 37. f6 Rxg3 38. Qxg3+ Qxg3+ 39. Kxg3 Kh7 40. Re1 Kg6 41. Re7 Rd3+ 42. Kf4 Rxa3 43. h4 Ra4+ 44. Kg3 Kxf6 45. Rc7 Kg6 46. Rc6+ f6 47. Kh3 h5 48. g3 Rb4 49. Rc8 a5 50. Rf8 a4 51. Rg8+ Kf7 52. Rh8 a3 53. Ra8 Rb3 54. Ra7+ Kg6 55. Kg2 Rb2+ 56. Kf3 a2 57. g4 hxg4+ 58. Kxg4 b5 59. h5+ Kh6 60. Kf5 b4 61. Ra8 Rf2+ 62. Kg4 b3 63. Rh8+ Kg7 64. Ra8 b2 65. Rxa2 b1=Q 66. Rxf2 Qg1+ 67. Kf3 Qxf2+ 68. Kxf2 Kh6 0-1

[Event "Titled Tue 17th Oct Early"]
[Site "chess.com INT"]
[Date "2023.10.17"]
[Round "10"]
[White "Firouzja, Alireza"]
[Black "Bluebaum, M.."]
[Result "1-0"]
[WhiteElo "2777"]
[BlackElo "2668"]
[PlyCount "125"]
[EventDate "2023.10.17"]

1. d4 d5 2. c4 e6 3. Nc3 Bb4 4. e3 Nf6 5. a3 Bxc3+ 6. bxc3 c6 7. Bd3 e5 ({RR} 7... O-O 8. Ne2 e5 9. dxe5 Ng4 10. cxd5 Nxe5 11. e4 f5 12. O-O Nxd3 13. Qxd3 fxe4 14. Qxe4 cxd5 15. Qd3 Bf5 16. Qg3 Nc6 17. Be3 Qe8 18. Rad1 Qf7 19. Rd2 Rad8 20. Rfd1 Rd7 21. Nd4 Bg6 22. Nxc6 {Giri,A (2780)-Gukesh,D (2718) Dusseldorf GER 2023 ½-½ (82)}) 8. a4 $146 ({RR} 8. cxd5 e4 9. Bb1 cxd5 10. c4 dxc4 11. Qa4+ Nc6 12. Qxc4 Na5 13. Qb5+ Bd7 14. Qe5+ Be6 15. Ba2 Nc6 16. Qb5 Bxa2 17. Rxa2 Qd5 18. Rb2 Qxb5 19. Rxb5 O-O-O 20. Bd2 Rd5 21. Rb3 Rg5 22. Kf1 b6 {Sertic,R (2380)-Kurajica,B (2525) Sibenik 2010 ½-½ (60)}) ({RR} 8. cxd5 e4 9. Bc2 cxd5 10. c4 O-O 11. Ne2 dxc4 12. Nc3 Re8 13. Qe2 Qc7 14. a4 Bg4 15. Qd2 Nc6 16. h3 Bf5 17. O-O Rad8 18. Qe2 Nb4 19. Nb5 Qe7 20. Ba3 a6 21. Qxc4 axb5 22. Qxb4 Qe6 {Lesovoi,E (2234)-Baches Garcia,G (2305) chess.com INT 2025 1-0 (31)}) 8... e4 9. Bc2 O-O 10. Bb3 b6 11. Ba3 Re8 12. cxd5 cxd5 13. c4 dxc4 14. Bxc4 Ba6 15. Rc1 Bxc4 16. Rxc4 b5 17. Rc5 Qa5+ 18. Kf1 a6 19. Ne2 Nbd7 20. Rc1 Nb6 21. Nf4 Qxa4 22. Qxa4 Nxa4 23. Bd6 a5 24. g4 Nxg4 25. Ke2 Ra6 26. Rhg1 Rxd6 27. Rxg4 b4 28. Rg5 b3 29. Kd2 b2 30. Rb1 Nb6 31. Kc3 Rc8+ 32. Kxb2 h6 33. Rb5 Na4+ 34. Kb3 Nc3 35. Rc1 a4+ 36. Kb2 a3+ 37. Ka1 Nxb5 38. Rxc8+ Kh7 39. Rc5 Rb6 40. Nd5 Rb7 41. h4 Nd6 42. Rc6 Nf5 43. Nc3 Nxh4 44. Nxe4 f5 45. Nc5 Rb2 46. d5 Rxf2 47. d6 Rd2 48. d7 Ng2 49. Rc8 Nxe3 50. d8=Q Nc2+ 51. Kb1 Rxd8 52. Rxd8 Ne3 53. Rd3 f4 54. Rxa3 g5 55. Kc1 g4 56. Ne6 g3 57. Nxf4 g2 58. Ne2 Nf5 59. Kd2 h5 60. Ng1 h4 61. Ke1 Kg6 62. Kf2 Kh5 63. Kxg2 1-0

[Event "Moscow Aeroflot op-A 16th"]
[Site "Moscow"]
[Date "2017.02.21"]
[Round "1"]
[White "Firouzja, Alireza"]
[Black "Bok, Benjamin"]
[Result "0-1"]
[WhiteElo "2465"]
[BlackElo "2596"]
[PlyCount "78"]
[EventDate "2017.02.21"]
[EventType "swiss"]
[EventRounds "9"]
[EventCountry "RUS"]
[SourceTitle "CBM 177"]
[Source "ChessBase"]
[SourceDate "2017.03.16"]
[SourceVersion "1"]
[SourceVersionDate "2017.03.16"]
[SourceQuality "1"]

1. d4 {Rogozenco,Dorian Gavrikov,Viktor} Nf6 2. c4 e6 3. Nc3 Bb4 4. e3 O-O 5. Bd3 c5 6. Nf3 b6 7. O-O Bb7 8. Na4 cxd4 ({RR} 8... Qe7 9. a3 Ba5 10. Rb1 ({RR} 10. dxc5 bxc5 11. Nxc5 Qxc5 12. b4 Bxf3 13. Qxf3 Qe5 14. bxa5 Qxa1 15. Qxa8 Qc3 16. Rd1 Nc6 17. Qb7 Qxa5) ({RR} 10. b3 d5 11. cxd5 exd5 12. Bb2 Nbd7 13. Qe2 Ne4 14. Rac1 Bc6 15. Nc3 Bxc3 16. Bxc3 a5 17. Bb2 Rfc8 18. Ne5 Bb7 19. Rfd1 ({RR} 19. Nxd7 Qxd7 20. dxc5 bxc5 21. Qh5) 19... Ndf6 20. f3 Nd6) 10... Rc8 11. Qe2 ({RR} 11. b3 d5 12. Bb2 Nbd7 13. dxc5 bxc5 14. cxd5 Bxd5) ({RR} 11. dxc5 bxc5 12. Nxc5 Qxc5 13. b4 Qc7 14. bxa5 d6) 11... Bc6 12. Bc2 ({RR} 12. e4 d5 ({RR} 12... Bxa4 13. e5) 13. e5 ({RR} 13. Bg5 dxe4 14. Bxe4 Bxe4 15. Qxe4 Nxe4 16. Bxe7 Nc6) 13... dxc4 14. Bxc4 Nd5 15. Bxd5 Bxd5 16. dxc5 bxc5) 12... d5 13. cxd5 exd5 14. Ne5 ({RR} 14. dxc5 bxc5 15. b4 cxb4 16. Bd2 b3 17. Bxb3 Qxa3) 14... Be8 15. Qd1 Nbd7) 9. exd4 ({RR} 9. a3 Be7 10. exd4 Qc7 11. b4 ({RR} 11. Nc3 d5 12. cxd5 Nxd5) 11... a5 ({RR} 11... Ng4 12. g3 f5 13. Nc3 a6 14. Re1 Nc6 15. Bf1 Nd8 16. Bf4 Bd6 17. Bxd6 Qxd6 18. Bg2 Nf7 19. c5 Qc7) 12. b5 d6 13. Re1 Re8 14. Bb2 ({RR} 14. Bf4 Nbd7 15. Rc1 Qd8 16. Nd2 Rc8 17. Nb3 Bf8 18. h3 e5 19. Bg5 g6 20. Bf1 h6 21. Be3 exd4 22. Qxd4 Ne4) 14... Nbd7 15. Rc1 Bf8 16. Nc3 g6) 9... Re8 ({RR} 9... Be7 10. Re1 d6 11. b4 Nbd7 ({RR} 11... a5 12. b5 Nbd7 13. Ba3 Rc8 14. Rc1 Re8 15. Nd2 e5) 12. Bb2 a5 ({RR} 12... Re8 13. Nc3 Bf8 14. d5 exd5 15. Rxe8 Qxe8 16. Nxd5 ({RR} 16. cxd5 a6) 16... Nxd5 17. cxd5) 13. a3 axb4 14. axb4 b5 ({RR} 14... Re8 15. Nd2 e5 16. Nb3 exd4 17. Nxd4 Bf8 18. Rxe8 Qxe8 19. Nb5 Qc8) 15. cxb5 Nb6 16. Nd2 Nfd5 17. Qb3 Nxa4 18. Rxa4 Qb6 19. Rea1 Rxa4 20. Rxa4 Nf4 21. Bf1 Bf6) 10. a3 ({RR} 10. Bg5 h6 11. Bh4 Be7 12. Re1 d6 13. Nc3 Nbd7 14. Qe2 Nh5 15. Bxe7 Rxe7) 10... Bf8 11. Bg5 ({RR} 11. b4 a5 12. b5 d6 13. Re1 Nbd7 14. Bb2 Rc8 15. Rc1 Rc7 16. Bb1 Qa8 17. d5 e5 ({RR} 17... exd5 18. Bxf6 Rxe1+ 19. Qxe1 Nxf6 20. Nxb6 Qa7 21. Nxd5 Nxd5 22. cxd5 Bxd5) 18. Bf5 Qd8) ({RR} 11. Bf4 d6 12. Re1 Nbd7 13. Rc1 e5 ({RR} 13... g6 14. Nc3) 14. dxe5 Bxf3 ({RR} 14... dxe5 15. Nxe5) 15. Qxf3 Nxe5 16. Bxe5 ({RR} 16. Qh3 Nxd3 17. Qxd3 Rxe1+ 18. Rxe1 d5 19. Rd1 Qe8) 16... dxe5 17. Nc3 g6 ({RR} 17... Qc7 18. g4) 18. Be4 ({RR} 18. Rcd1 Qe7) 18... Nxe4 19. Qxe4 Rc8 ({RR} 19... Qc8 20. Nd5) ({RR} 19... f5 20. Qd5+ Qxd5 21. Nxd5) 20. b4 ({RR} 20. Nd5 f5) 20... Qd4 21. Qxd4 ({RR} 21. Nd5 Qxe4 22. Rxe4 f5 23. Re2 Kf7 24. f3 Rc6 25. Kf2 Rec8 26. Rxe5 Rxc4) 21... exd4 22. Rxe8 Rxe8 23. Nd5 Re2 24. Kf1 Ra2 25. Rd1 ({RR} 25. c5 bxc5 26. bxc5 d3 27. c6 ({RR} 27. Ne3 Bxc5) 27... Rc2 28. Rd1 Rxc6 29. Rxd3 Rc1+ 30. Ke2 Rc2+) 25... Rxa3 {Carlsen,M (2815)-Karjakin,S (2776) Medias 2011 CBM 143 [Rogozenco,Dorian] ½-½}) 11... h6 12. Bh4 d6 ({RR} 12... Be7 13. b4 ({RR} 13. Nc3 d5) ({RR} 13. Re1 Nh5 14. Bxe7 Rxe7 15. Nc3 ({RR} 15. d5 exd5 16. Rxe7 Qxe7 17. cxd5 Nf4 18. Bc4 Qe4 19. Rc1 Na6) 15... Nf6 16. b4 a5) 13... a5 14. c5 ({RR} 14. b5 d6) 14... axb4 15. axb4 bxc5 16. dxc5 d6 17. Bb5 Rf8 ({RR} 17... Nc6 18. Rc1 dxc5 19. Bxf6 gxf6 20. Qb3) 18. Qe2 Nd5 19. Bxe7 Qxe7) ({RR} 12... Bxf3 13. Qxf3 Nc6 14. d5 Ne5 15. Qd1 g5 16. Bg3 exd5 17. cxd5 Nxd5 18. Be4 Nf4 19. Bxa8 Qxa8 20. Bxf4 gxf4 21. Qh5 Re6 22. Nc3 Rg6 23. Qh3 Bc5 24. Rad1 f3 25. g3 Ng4 26. Nd5 Qe8 27. Nf4 {Ben Ari,Y (2387)-Veinberg,N (2400) Ramat Gan 2022 1-0 (36)}) 13. Nc3 $146 ({RR} 13. Re1 Nbd7 14. Nc3 Rc8 ({RR} 14... Be7 15. b4 Nh5 16. Bxe7 Rxe7 17. Nd2 ({RR} 17. Nb5 Ndf6) ({RR} 17. d5 exd5 18. Rxe7 Qxe7 19. Nxd5 Bxd5 20. cxd5 Nf4 21. Bb5 Ne5) 17... Nf4 18. Bf1 a5 ({RR} 18... Nf6 19. Nb3) 19. Qg4 Ng6 20. Qg3 Nf6 21. Nb5 Rd7 22. Nb3 axb4 23. axb4 Rxa1 24. Rxa1 Ne7) 15. b4 a6 16. Rc1 Rc7 ({RR} 16... Be7 17. Nd2 e5 18. Nb3 a5) 17. Nd2 Qa8 18. Bf1 g6 19. Nb3 Bg7 ({RR} 19... Rec8 20. Qd2 Bg7 21. f3 e5 22. Bxf6 Bxf6 ({RR} 22... Nxf6 23. dxe5 dxe5 24. Rxe5) 23. dxe5 Nxe5 ({RR} 23... Bxe5 24. f4 ({RR} 24. Qxh6 b5) 24... Bxc3 25. Rxc3 d5 26. f5) 24. Qxd6 Rc6 25. Qd1) 20. f3 ({RR} 20. a4) 20... Nh5 ({RR} 20... Qb8 21. a4 Ba8) 21. Qd2 Kh7 22. Bf2 f5 23. a4 Nhf6 ({RR} 23... Qb8 24. a5 bxa5 25. Nxa5 Ba8 26. b5 axb5 27. Nxb5 Rcc8 28. c5 dxc5 29. dxc5) 24. a5 bxa5 25. Nxa5 Bc8 26. c5 dxc5 27. dxc5 Nb8 {Dizdar,G (2524)-Iordachescu,V (2609) Warsaw 2005 CBM 108 [Gavrikov,Viktor] 1-0 (41)}) ({RR} 13. Re1 Nbd7 14. Rc1 Rc8 15. b4 Rc7 16. Nc3 Qa8 17. d5 exd5 18. Rxe8 Qxe8 19. Nb5 Rc8 20. Nxa7 Rb8 21. cxd5 Bxd5 22. Nb5 Bb7 23. Bf1 Qe6 24. Nfd4 Qe4 25. Bg3 Ne5 26. f3 Qe3+ 27. Bf2 Qg5 {Del Rio de Angelis,S (2495)-Fedorchuk,S (2577) Salou 2005 ½-½ (52)}) 13... Nbd7 14. Rc1 Rc8 15. Nd2 Qc7 16. b4 Qb8 17. Nb3 g6 18. f3 Bg7 19. Re1 Ba6 20. b5 Bb7 21. Na2 a5 22. Bf2 e5 23. c5 dxc5 24. dxc5 Nxc5 25. Nxc5 bxc5 26. Qa4 e4 27. Bxe4 Bxe4 28. fxe4 Ng4 29. Bg3 Be5 30. Bxe5 Qxe5 31. g3 c4 32. Qc2 Qd4+ 33. Kg2 Ne3+ 34. Rxe3 Qxe3 35. Nc3 Kf8 36. Qb2 Rcd8 37. Rc2 Rd3 38. b6 Qf3+ 39. Kg1 Red8 0-1

[Event "Titled Tue 11th Jul Late"]
[Site "chess.com INT"]
[Date "2023.07.11"]
[Round "3"]
[White "Firouzja, Alireza"]
[Black "Boruchovsky, A.."]
[Result "1-0"]
[WhiteElo "2777"]
[BlackElo "2539"]
[PlyCount "69"]
[EventDate "2023.07.11"]

1. d4 Nf6 2. c4 e6 3. Nc3 Bb4 4. Nf3 O-O 5. g3 d5 6. cxd5 exd5 7. Bg2 c6 8. O-O Re8 9. a3 ({RR} 9. Bf4 Nbd7 10. Rc1 Bf8 11. a3 a5 12. Qb3 Qb6 13. Qc2 Qa6 14. Rfe1 Nb6 15. Be5 Nbd7 16. Bf4 Nb6 17. Be5 Nbd7 18. Bf4 {½-½ (18) Maze,S (2577)-Laznicka,V (2702) Plovdiv 2012}) 9... Bd6 10. Bf4 Bxf4 11. gxf4 Nbd7 $146 ({RR} 11... Bf5 12. e3 Bg4 13. Qb3 Bxf3 14. Bxf3 Qb6 15. Qxb6 axb6 16. Rac1 Na6 17. Rfd1 b5 18. b4 Nd7 19. e4 dxe4 20. Nxe4 Nb6 21. Nd6 Re7 22. Nxb7 Rxb7 23. Bxc6 Rab8 24. Bxb7 Rxb7 25. d5 Nb8 26. Rc5 {Mikavica,M (2066)-Gloeckler,C (2439) Biel SUI 2025 0-1 (38)}) 12. Ne5 Nf8 13. e3 N6d7 14. Qh5 Ng6 15. Kh1 Ndf8 16. Rg1 f6 17. Nd3 Qd7 18. Nc5 Qf7 19. Nxd5 b6 20. Ne4 Rxe4 21. Bxe4 cxd5 22. Qxd5 Rb8 23. Qxf7+ Kxf7 24. Rac1 Ne7 25. Rc7 a5 26. d5 Bb7 27. Rxb7 Rxb7 28. d6 Rd7 29. dxe7 Rxe7 30. Bd5+ Ke8 31. Rc1 Kd8 32. Rc6 Nd7 33. Be6 Nc5 34. f5 Nd3 35. Rd6+ 1-0

[Event "chess.com SpeedChess 2024"]
[Site "chess.com INT"]
[Date "2024.08.06"]
[Round "2.23"]
[White "Firouzja, Alireza"]
[Black "Caruana, F.."]
[Result "1/2-1/2"]
[WhiteElo "2744"]
[BlackElo "2796"]
[PlyCount "58"]
[EventDate "2024.07.25"]
[EventType "k.o."]

1. d4 {Ftacnik,Lubomir} Nf6 2. c4 e6 3. Nc3 Bb4 4. Nf3 b6 5. Qb3 c5 6. a3 Ba5 7. Bg5 Nc6 8. d5 ({RR} 8. O-O-O Bxc3 9. d5 ({RR} 9. Qxc3 cxd4 10. Nxd4 Ne4) 9... exd5 ({RR} 9... Na5 10. Qxc3 Ne4 11. Qxg7) ({RR} 9... Nd4 10. Qxc3 Nxf3 11. Qxf3) ({RR} 9... Bxb2+ 10. Qxb2 Ne7 11. e4 Nxe4 12. dxe6 fxe6 13. Bd3) ({RR} 9... Be5 10. dxc6 Qc7) 10. cxd5 Be5 11. dxc6 Qe7 12. cxd7+ Bxd7 13. e3 Rd8 ({RR} 13... O-O 14. Nxe5 Qxe5 15. Bxf6) ({RR} 13... Bc6 14. Bb5) 14. Rxd7 Rxd7 ({RR} 14... Kxd7 15. Qa4+ ({RR} 15. Bb5+ Kc8 16. Ba6+ Kd7 17. Nxe5+ Qxe5 18. Qxf7+ Qe7 19. Rd1+) 15... Kc8 ({RR} 15... Ke6 16. Bc4+ Kf5 17. Qc2+) 16. Ba6+ Kb8 17. Nxe5) 15. Bb5 Bd6 16. Rd1 ({RR} 16. Qa4) 16... O-O 17. Bxd7 Qxd7 18. Bf4 c4 ({RR} 18... Ne8 19. Qd5) 19. Qc2 Ne8 20. Ng5 f5 ({RR} 20... g6 21. Ne4) 21. Qxc4+ Kh8 22. Bxd6 Nxd6 {Seirawan,Y (2635)-Timman,J (2660) Hilversum 1990 CBM 021 [Ftacnik,Lubomir] 1-0}) ({RR} 8. e3 cxd4 9. exd4 O-O 10. Bd3 d5 11. O-O Bxc3 12. Qxc3 dxc4 13. Qxc4 Bb7 14. Bc2 h6 15. Bh4 Na5 16. Qd3 g5 17. Bg3 Be4 18. Qe2 Bxc2 19. Qxc2 Rc8 20. Qe2 Qd5 21. h4 Qe4 22. Qa6 g4 {Kunin,V (2592)-Van Foreest,L (2367) Amsterdam 2016 1-0 (46)}) 8... Nd4 9. Nxd4 $146 ({RR} 9. Qd1 Nxf3+ 10. exf3 O-O 11. Be2 h6 12. Bh4 Bxc3+ 13. bxc3 Bb7 14. f4 exd5 15. cxd5 Bxd5 16. O-O Bc6 17. Bf3 d5 18. Re1 Qd6 19. Bxf6 Qxf6 20. Bxd5 Bxd5 21. Qxd5 Qxc3 22. a4 Rae8 23. Rec1 Qa5 {Lee,R-Velikanov,I Dos Hermanas 2004 1-0 (69)}) 9... cxd4 10. Qc2 h6 11. Bh4 dxc3 12. b4 exd5 13. cxd5 O-O 14. bxa5 d6 15. Qxc3 Nxd5 16. Qd4 Ne7 17. axb6 axb6 18. e3 Nf5 19. Bxd8 Nxd4 20. exd4 Rxd8 21. Bb5 Bd7 22. Bxd7 Rxd7 23. Kd2 Ra4 24. Rhb1 Rxd4+ 25. Ke3 Ra4 26. Rxb6 Rda7 27. Rxd6 Rxa3+ 28. Rxa3 Rxa3+ 29. Rd3 Ra2 1/2-1/2

[Event "Bucharest Superbet Classic"]
[Site "Bucharest"]
[Date "2022.05.12"]
[Round "7"]
[White "Firouzja, Alireza"]
[Black "Dominguez Perez, Leinier"]
[Result "1-0"]
[WhiteElo "2804"]
[BlackElo "2753"]
[PlyCount "115"]
[EventDate "2022.05.05"]
[EventType "tourn"]
[EventRounds "9"]
[EventCountry "ROU"]
[EventCategory "21"]
[Tiebreak "Number of wins"]
[SourceTitle "CBM 208"]
[Source "ChessBase"]
[SourceDate "2022.06.30"]
[SourceVersion "1"]
[SourceVersionDate "2022.06.30"]
[SourceQuality "1"]

1. d4 Nf6 2. c4 e6 3. Nc3 Bb4 4. e3 O-O 5. Bd3 d5 6. cxd5 exd5 7. a3 Bd6 8. Qc2 c6 9. Nge2 Re8 10. Bd2 b6 11. f3 c5 12. g4 c4 13. Bf5 Bxf5 14. Qxf5 g6 15. Qg5 Nc6 16. O-O Bf8 17. Qh4 h6 18. Rad1 $146 ({RR} 18. Qf2 Qd7 19. Qg2 Bg7 20. Kh1 b5 21. Rad1 Rab8 22. g5 hxg5 23. e4 dxe4 24. fxe4 Qg4 25. Qxg4 Nxg4 26. Bxg5 Bh6 27. Bxh6 Nxh6 28. Nd5 Kg7 29. Nec3 b4 30. axb4 Nxb4 31. Nxb4 Rxb4 {½-½ (31) Deuer,M (2453)-Martinovic,S (2542) Austria AUT 2024}) 18... b5 19. Qf2 Qd7 20. Qg2 Bg7 21. h4 Ne7 22. Nf4 a5 23. Nce2 Qb7 24. g5 hxg5 25. hxg5 Nd7 26. Kf2 b4 27. Rh1 Nf5 28. Qh3 Ne7 29. Ng3 Ra6 30. axb4 axb4 31. Bxb4 Qxb4 32. Qxd7 Raa8 33. Nfe2 Rad8 34. Qg4 Qxb2 35. Qf4 Nc6 36. Rh7 Re6 37. Qh4 Nxd4 38. Rxg7+ Kxg7 39. Qxd4+ Qxd4 40. Rxd4 Red6 41. Nc3 f6 42. gxf6+ Kxf6 43. Nge2 Ke5 44. Rg4 Rg8 45. Nd4 Rd7 46. Rg5+ Kf6 47. f4 Rgd8 48. Re5 Kf7 49. Rg5 Rh8 50. Nf3 Kg7 51. Rg1 Rb7 52. Ra1 Rd8 53. Nd4 Rdd7 54. Ra5 g5 55. f5 Rb2+ 56. Kf3 Rd2 57. Nxd5 c3 58. Ne6+ 1-0

[Event "World ol U16"]
[Site "Poprad"]
[Date "2016.07.27"]
[Round "6.2"]
[White "Firouzja, Alireza"]
[Black "Esipenko, Andrey"]
[Result "1/2-1/2"]
[WhiteElo "2481"]
[BlackElo "2477"]
[PlyCount "143"]
[EventDate "2016.07.22"]
[EventType "team-swiss"]
[EventRounds "9"]
[EventCountry "SVK"]
[SourceTitle "EXT 2017"]
[Source "ChessBase"]
[SourceDate "2016.10.25"]
[SourceVersion "1"]
[SourceVersionDate "2016.10.25"]
[SourceQuality "1"]
[WhiteTeam "Iran"]
[BlackTeam "Russia"]
[WhiteTeamCountry "IRI"]
[BlackTeamCountry "RUS"]

1. c4 {ChessBase II} c6 2. e4 d5 3. exd5 cxd5 4. d4 Nf6 5. Nc3 e6 6. Nf3 Be7 7. Bd3 O-O 8. O-O dxc4 9. Bxc4 Nc6 10. Bg5 b6 11. a3 Bb7 12. Re1 Rc8 13. Ba2 Nd5 14. Bd2 Nxc3 15. Bxc3 Bf6 16. Ne5 Ne7 17. Qa4 $146 ({RR} 17. Bb4 Bd5 18. Ng4 Bh4 ({RR} 18... Bxa2 19. Rxa2 Bg5) 19. Bxd5 Qxd5 20. Re5 Qd8 21. Rh5 a5 22. Rxh4 axb4 ({RR} 22... Nf5) 23. Nf6+ gxf6 24. Qh5 Re8 25. Qxh7+ Kf8 26. Qh6+ {1-0 (26) Palacios,A (2310)-Commons,K (2480) Mexico City 1977 EXT 2003 [ChessBase II]}) 17... Rc7 18. Bc4 Nd5 19. Bf1 a5 20. Qb3 Qa8 21. Bd2 Ba6 22. Rac1 Rfc8 23. Bb5 Bxb5 24. Qxb5 Bxe5 25. dxe5 Rc2 26. Rxc2 Rxc2 27. Bc3 Nxc3 28. bxc3 Qd8 29. Qc6 h6 30. Rf1 Qb8 31. g3 Qxe5 32. Qe8+ Kh7 33. Qxf7 Rxc3 34. a4 Rc4 35. Qe8 Qe4 36. Ra1 Rb4 37. h4 Rb2 38. Qf7 Rd2 39. Rc1 Qd5 40. Kh2 Qf5 41. Qxf5+ exf5 42. Kg2 Rd4 43. Rc6 Rb4 44. h5 Kg8 45. Kf3 Kf7 46. Kg2 Rxa4 47. Rxb6 Rb4 48. Ra6 a4 49. Kf3 Ke7 50. Ke3 Re4+ 51. Kd3 Kf7 52. Ra7+ Kf6 53. Ra6+ Kg5 54. Rg6+ Kxh5 55. Rxg7 Rg4 56. Ra7 Rb4 57. Ke3 Kg5 58. Kf3 Rb3+ 59. Kg2 a3 60. Ra6 f4 61. gxf4+ Kxf4 62. Rxh6 Ke4 63. Ra6 Kd4 64. f4 Kc3 65. Kf3 Kb2+ 66. Ke4 a2 67. Rxa2+ Kxa2 68. f5 Rb8 69. f6 Kb3 70. Kd5 Rb6 71. Ke5 Rxf6 72. Kxf6 1/2-1/2

[Event "Bullet Chess Winners 2024"]
[Site "chess.com INT"]
[Date "2024.06.10"]
[Round "1.17"]
[White "Firouzja, Alireza"]
[Black "Fedoseev, Vl3"]
[Result "1-0"]
[WhiteElo "2737"]
[BlackElo "2685"]
[PlyCount "43"]
[EventDate "2024.06.10"]
[EventType "k.o."]

1. d4 d5 2. c4 dxc4 3. e3 Nf6 4. Nf3 e6 5. Bxc4 c5 6. O-O cxd4 7. exd4 Be7 8. Nc3 O-O 9. Bg5 Nbd7 10. Re1 Nb6 11. Bb3 Bd7 ({RR} 11... h6 12. Bh4 Bd7 13. Ne5 Bc6 14. Nxf7 Rxf7 15. Bxe6 Qf8 16. d5 Rd8 17. Qb3 Nbxd5 18. Bxf6 Nxf6 19. Bxf7+ Kh8 20. Rad1 Rxd1 21. Rxd1 Bc5 22. Qe6 Bb6 23. h3 Nh5 24. Nd5 Bxd5 25. Qxd5 Nf4 26. Qf5 {Deviprasath,S (2393)-Manukyan,S (2216) chess.com INT 2024 1-0 (39)}) 12. Ne5 Bc6 13. Re3 $146 ({RR} 13. Qd3 Nbd5 14. Rad1 Rc8 15. Qh3 Qd6 16. Bxf6 Bxf6 17. Ne4 Qe7 18. Bxd5 Bxd5 19. Nxf6+ gxf6 20. Ng4 f5 21. Nh6+ Kh8 22. Nxf5 Qf6 23. Ne3 Bxa2 24. Ra1 Bc4 25. Rxa7 Ba6 26. d5 exd5 27. Nxd5 Qxb2 {Balashov,Y (2481)-Dragomarezkij,E (2363) Moscow 2013 ½-½ (53)}) 13... Bd5 14. Bc2 h6 15. Bf4 Rc8 16. Rg3 Kh8 17. Qd2 Ng8 18. Qd3 Nf6 19. Re1 Nc4 20. b3 Nxe5 21. dxe5 Nh5 22. Qh7# 1-0

[Event "Bullet Chess Winners 2024"]
[Site "chess.com INT"]
[Date "2024.06.10"]
[Round "1.13"]
[White "Firouzja, Alireza"]
[Black "Fedoseev, Vl3"]
[Result "1-0"]
[WhiteElo "2737"]
[BlackElo "2685"]
[PlyCount "61"]
[EventDate "2024.06.10"]
[EventType "k.o."]

1. d4 Nf6 2. c4 e6 3. Nc3 Bb4 4. Qc2 O-O 5. e4 d5 6. e5 Ne4 7. Bd3 c5 8. Nf3 cxd4 9. Nxd4 Nd7 10. Bf4 Ndc5 11. O-O Bxc3 12. bxc3 Qh4 ({RR} 12... Nxd3 13. Qxd3 b6 14. Nc6 Qd7 15. cxd5 exd5 16. Nb4 Bb7 17. f3 Nc5 18. Qd2 Rac8 19. Be3 Ne6 20. Rfd1 Rfd8 21. Bd4 Qa4 22. Nc2 Rc7 23. Ne3 Rdc8 24. Nf5 Ba6 25. h4 Qd7 26. Nd6 Rf8 27. a4 {Eljanov,P (2716)-Karjakin,S (2727) Moscow 2008 1-0 (64)}) ({RR} 12... Nxd3 13. Qxd3 b6 14. cxd5 Qxd5 15. Rfd1 Bb7 16. c4 Qd7 17. Qc2 h6 18. a4 Rfd8 19. a5 bxa5 20. f3 Ng5 21. h4 Nh7 22. Nb5 Qe7 23. Qf2 Rxd1+ 24. Rxd1 Qb4 25. Nd6 Bc6 26. Qg3 Kf8 27. Kh2 {Agibileg,U (2407)-Umarov,B (2197) Pavlodar KAZ 2024 1-0 (71)}) 13. Bg3 $146 ({RR} 13. g3 Qe7 14. Be2 f6 15. exf6 Nxf6 16. Be3 e5 17. Nb3 Nxb3 18. axb3 Be6 19. b4 Rfc8 20. c5 Ng4 21. Qd2 Nxe3 22. Qxe3 Bf7 23. Rfe1 a5 24. Bg4 Re8 25. Rxa5 Rxa5 26. bxa5 Qc7 27. Ra1 Ra8 {Ivanisevic,I (2665)-Enchev,I (2470) Skopje 2016 1-0 (46)}) 13... Nxg3 14. hxg3 Qh5 15. cxd5 Nxd3 16. Qxd3 Qxe5 17. dxe6 Bxe6 18. Rfe1 Qd5 19. Rab1 b6 20. Rb5 Qd7 21. Rh5 g6 22. Rh4 Rfe8 23. Qd2 Bd5 24. Rd1 Rad8 25. Kh2 h5 26. Qg5 Qe7 27. Qxe7 Rxe7 28. Nc6 Bxc6 29. Rxd8+ Kg7 30. Rd2 Rc7 31. Rc4 1-0